000 00294nam a22001337a 4500
008 170711b xxu||||| |||| 00| 0 eng d
020 _a0313267251
041 _aeng
080 _a030
100 _a23
101 _aENC
245 _aWOMEN'S STUDIES ENCYCLOPEDIA
_cTIERNEY,H
942 _2udc
_cBK
999 _c20219
_d20219